000 00207 a2200097 4500
001 23984
100 _aBarker, L M
245 _aPears Cyclopedia 1969-70
260 _a
_bPelham
_c1969
090 _c16226
_d16226
942 _aNUST-CAE
_cM
_c6921
999 _c259057
_d259057